000 003050000a22001450004500
003 MACL
040 _aMACL
090 _c33938
_d33936
100 _aDooley, Brian J.
245 _aWindow In A DAy
260 _bBPB Publications
350 _a45
650 _aComputer probraming
942 _cBOOK
_k005/Doo
999 _c33582
_d33582